Gaming Quiz

Random Gaming or Italian Quiz
Score 0/10 Timer 05:00
0 Plays Today
% Correct
Torre di Pisa
89.4%
Papa
81.2%
Ultima cena
79.4%
Romeo e Giulietta
65.9%
Vespa
58.8%
Spaghetti
47.1%
acquedotto
40%
assassinio di Giulio Cesare
28.2%
Corsa delle bighe
27.6%
Spirale di Fibonacci
5.9%
Remove Ads.
Support Sporcle.
Get the best of Sporcle when you Go Orange. This ad-free experience offers more features, more stats, and more fun while also helping to support Sporcle. Thank you for becoming a member.

You're not logged in!

Compare scores with friends on all Sporcle quizzes.
OR
Log In

Show Comments

Extras

Created Jun 20, 2019ReportNominateIcon Source: IDEALE
Tags:Italian Quiz, block, Italiano, Italy, Wood, Wooden

Top Quizzes Today


Score Distribution

Your Account Isn't Verified!

In order to create a playlist on Sporcle, you need to verify the email address you used during registration. Go to your Sporcle Settings to finish the process.

Report this User

Report this user for behavior that violates our Community Guidelines.

Details: